Física de los sólidos : cristales iónicos, vibraciones de las redes e imperfecciones /
Đã lưu trong:
| Tác giả chính: | |
|---|---|
| Tác giả khác: | , , , |
| Định dạng: | Điện tử eBook |
| Ngôn ngữ: | Tiếng Tây Ban Nha |
| Được phát hành: |
Barcelona :
Editorial Reverté,
[1970]
|
| Những chủ đề: | |
| Truy cập trực tuyến: | Digitalia Hispánica |
| Các nhãn: |
Thêm thẻ
Không có thẻ, Là người đầu tiên thẻ bản ghi này!
|
MARC
| LEADER | 00000nam a2200000Ii 4500 | ||
|---|---|---|---|
| 001 | DIGRVRT0006 | ||
| 003 | NyNyDIG | ||
| 006 | m o d | ||
| 007 | cr ||||||||||| | ||
| 008 | 210625s1970 sp a ob 001 0 spa d | ||
| 035 | |a (OCoLC)1282641136 | ||
| 040 | |a DGITA |b eng |e rda |e pn |c DGITA | ||
| 020 | |a 9788429190403 |q eBook |q pdf | ||
| 020 | |z 9788429140309 | ||
| 041 | 1 | |a spa |e ng | |
| 050 | 1 | 4 | |a QC176 ebook |
| 082 | 0 | 4 | |a 530.41 |
| 100 | 1 | |a Brown, Frederick C., |d 1924-, |e author. | |
| 240 | 1 | 0 | |a Physics of solids. |l Spanish |s (Bru, Serna and Rojo) |
| 245 | 1 | 0 | |a Física de los sólidos : |b cristales iónicos, vibraciones de las redes e imperfecciones / |c Frederick C. Brown ; versión española coordinada y traducida por Dr. Luis Bru, Dr. José Serna y Dr. Juan Manuel Rojo. |
| 264 | 1 | |a Barcelona : |b Editorial Reverté, |c [1970] | |
| 300 | |a 1 online resource : |b illustrations. | ||
| 336 | |a text |b txt |2 rdacontent | ||
| 337 | |a computer file |b c |2 rdamedia | ||
| 338 | |a online resource |b cr |2 rdacarrier | ||
| 347 | |a text file |2 rdaft | ||
| 347 | |b PDF | ||
| 504 | |a Includes bibliographical references and index. | ||
| 588 | 0 | |a Online resource; title from PDF title page (Digitalia, viewed June 25, 2021) | |
| 650 | 0 | |a Solids. | |
| 650 | 0 | |a Physics. | |
| 655 | 0 | |a Electronic books. | |
| 700 | 1 | |a Bru, Luis, |e translator. | |
| 700 | 1 | |a Serna Alcaraz, José, |e translator. | |
| 700 | 1 | |a Rojo Alaminos, Juan Manuel, |e translator. | |
| 700 | 1 | |i Translation of: |a Brown, Frederick C. |t Physics of solids. | |
| 776 | 0 | 8 | |i Print version: |a Brown, Frederick C. |s Physics of solids. Spanish (Bru, Serna and Rojo) |t Física de los sólidos. |d Barcelona : Editorial Reverté, 1970 |z 9788429140309 |
| 791 | 2 | |a Digitalia (Firm), |e distributor. | |
| 793 | 0 | |g Digitalia eBook Collection: |a Editorial Reverté | |
| 856 | 4 | 0 | |3 Digitalia Hispánica |u https://digitalia.unach.elogim.com/a/67820/ |
| 910 | |a Premium collection: 2021 | ||